00491nam a2200241Ia 450000500170000000800460001702000150006303700070007804000080008504000080009304000080010104100080010904100080011708400160012508400080014110000160014924500170016524500160018226000140019826000200021226000090023230000080024120260401122147.0008 250103s9999 xx 000 0 eng d a8126019549 aTB aEDL beng cEDL 2eng aeng a891.499 SAD qEDL aSadhu, S.L. 0aHaba Khatoon 0cSadhu, S.L. aNew Delhi bSahitya Akademi c2004 a55p